000 00535nam a2200169 a 4500
001 000021971
005 20200930011527.0
008 100915s1964 dr 001 0 spa d
040 _aDO-SdBNP
_bspa
_cBNPHU
082 _axxxx
_bB844P
100 1 _aBretón, José
_945554
245 1 0 _aPuerto Rico y Santo Domingo en el mensaje de la historia /
_cJosé Bretón.
260 _aSantiago de los Caballeros, República Dominicana,
_c1964.
300 _a113 p. :
_bil. ;
_c20 cm.
504 _aIncluye bibliografía (p. 113)
049 _aBNPD
999 _c21469
_d21469